Sports journalism / (Record no. 73666)

MARC details
000 -LEADER
fixed length control field 00930nam a22002537a 4500
005 - DATE AND TIME OF LATEST TRANSACTION
control field 20130218144932.0
008 - FIXED-LENGTH DATA ELEMENTS--GENERAL INFORMATION
fixed length control field 130218t xxu||||| |||| 00| 0 eng d
010 ## - LCCN (DPL NO)
LC control number ENG-106673
020 ## - INTERNATIONAL STANDARD BOOK NUMBER
International Standard Book Number 9788183293884
Terms of availability 1200.00
035 ## - SYSTEM CONTROL NUMBER
System control number EN-90206
037 ## - SOURCE OF ACQUISITION
Source of stock number/acquisition DBAD / PUB
040 ## - CATALOGING SOURCE
Original cataloging agency dpl
Language of cataloging English
082 ## - DEWEY DECIMAL CLASSIFICATION NUMBER
Classification number 070.449796
100 ## - MAIN ENTRY--PERSONAL NAME
9 (RLIN) 55100
Personal name Poonia, Meenakshi
245 ## - TITLE STATEMENT
Title Sports journalism /
Statement of responsibility, etc by Meenakshi Poonia [and] Pankaj Atrey
260 ## - PUBLICATION, DISTRIBUTION, ETC. (IMPRINT)
Place of publication, distribution, etc New Delhi
Name of publisher, distributor, etc Shree Publishers & Distributors
Date of publication, distribution, etc 2011
270 ## - ADDRESS
Address 22/4735, Prakash Deep Building, Ansari Road, Daryaganj
City New Delhi
Postal code 110002
300 ## - PHYSICAL DESCRIPTION
Extent vi,336p.
Dimensions 22cm(Hb)
500 ## - GENERAL NOTE
General note Includes index
650 ## - SUBJECT ADDED ENTRY--TOPICAL TERM
9 (RLIN) 55101
700 ## - ADDED ENTRY--PERSONAL NAME
Personal name Atrey, Pankaj
9 (RLIN) 55146
942 ## - ADDED ENTRY ELEMENTS (KOHA)
Source of classification or shelving scheme Dewey Decimal Classification
Item type English Books
Call number suffix POO
Classification part 070.449796
Holdings
Withdrawn status Lost status Source of classification or shelving scheme Damaged status Not for loan Collection code Home library Current library Date acquired Source of acquisition Cost, normal purchase price Total Checkouts Full call number Barcode Date last seen Copy number Cost, replacement price Koha item type
    Dewey Decimal Classification     Non-fiction D.B.Act.Division D.B.Act.Division 18/02/2013 DBAD / PUB 1200.00   070.449796 POO EN-90206 18/02/2013 1 1200.00 English Books

© Delhi Public Library
Hit Counter
free hit counter